| 000 | 00504nam a2200133 a 4500 | ||
|---|---|---|---|
| 008 | 120416s1979 ||||||||||||||||| || u | ||
| 050 | _aBF 575.S75 Gre | ||
| 100 | _aGreenwood, James W | ||
| 245 | 1 | 0 | _aManaging executive stress |
| 246 | _aa systems approach | ||
| 260 |
_aNew York _bJohn Wiley and Sons _c1979 |
||
| 350 | _a0.00 | ||
| 995 |
_D0.00 _FCBU-MAIN LIBRARY (Kitwe) _H1 _I15.00 _M1 _UAVAILABLE _WMay 15, 2006 _ZMain Library Open Access Collection |
||
| 999 |
_c50144 _d50144 |
||